00967cam a2200265u 4500001000800000005001700008008004100025010001700066040001900083043001200102050001800114082002100132100003400153245010000187260005300287300006400340500003400404500002100438630002900459651002500488651004600513942001200559999001700571952011300588646912520080627161052.0830302s1946 pauabc |r 001 0 eng d a 46002845  aDLCcCarPdDLC aa-is---00aDS110.J6bG55 a220.91222bGLU 1 aGlueck, Nelson,d1900-91080804aThe River Jordan, Being an Illustrated Account of Earth's Most Storied River/cBy Nelson Glueck aPhiladelphia:bThe Westminster press, 1946c1946 a 268 p.:bincl. front., illus. (incl. ports., map);c24 cm. aDonated by: Alaa Abdel Ghany  aIncludes indexes00aBiblexGeography.910809 0aJordan River.910810 0aPalestinexDescription and travel.910811 2ddccBB c13241d13241 00102ddc40708 aMAINbMAINcLOWd2010-02-01eDonationl0o220.91 GLUp000019544r2025-07-15 00:00:00yBB